|
|
|
|
| LEADER |
00000cas a2200000 a 4500 |
| 001 |
vtls010298750 |
| 003 |
SK-MaSNL |
| 005 |
20260228161848.0 |
| 008 |
200401d19211924xo mr|p 0 b0slo d |
| 040 |
|
|
|a SNK
|b slo
|c SNK
|d SNK
|e AACR2
|
| 041 |
0 |
|
|a slo
|
| 044 |
|
|
|a xo
|c SK
|
| 072 |
|
7 |
|a 796
|x Šport. Hry. Telesné cvičenia
|2 konspekt
|
| 080 |
|
|
|a 796
|2 2001
|
| 080 |
|
|
|a 796.034.2
|2 2001
|
| 080 |
|
|
|a 796/799
|2 2001
|
| 245 |
0 |
0 |
|a Vestník Sokolskej župy Pohronskej „Detvan“
|
| 260 |
|
|
|a Banská Bystrica
|b Sokolská župa pohronská „Detvan“
|c 1921-1924
|
| 300 |
|
|
|a 3 zv.
|c 24 cm
|
| 310 |
|
|
|a 1x mesačne
|
| 362 |
0 |
|
|a Roč. I, č. 1 (1921)-roč. III, č. 15 (1924)
|
| 500 |
|
|
|a Vyd. Sokolská župa pohronská „Detvan“
|
| 500 |
|
|
|a Tlač. Slovenská kníhtlačiareň vo Zvolene; od 2/1921, Ľudová tlačiareň v Banskej Bystrici; od 4/1922, Slovenská Grafia, Banská Bystrica
|
| 650 |
0 |
7 |
|a šport
|2 SNKPH
|9 1042
|
| 650 |
0 |
7 |
|a telovýchova
|2 SNKPH
|9 1044
|
| 655 |
|
7 |
|a špecializované časopisy
|2 SNKPH
|9 70509
|
| 785 |
0 |
0 |
|t Detvan
|w vtls010298751
|
| 910 |
|
|
|a snk
|
| 916 |
|
|
|a 1921-1924
|
| 958 |
|
|
|a ONDV
|
| 999 |
|
|
|c 6136
|d 8066
|
| 952 |
|
|
|0 0
|1 0
|4 0
|7 0
|a SNK
|b SNK
|d 2001-01-30
|f 1
|i snkČSP 682/38
|l 0
|o snkČSC 344/1/1921-1922
|p 17A0267149
|r 2005-01-02 00:00:00
|t č. 1-12
|w 2026-02-21
|y PREZ
|
| 952 |
|
|
|0 0
|1 0
|4 0
|7 0
|a SNK
|b SNK
|d 2006-05-16
|l 0
|o snkČSC 344/3/1923-1924 D1
|p 17A0507526
|r 2026-02-21 19:58:42
|t č. 1-15, neúpl.
|w 2026-02-21
|y PREZ
|z ch. č. 1, 4, 8-9
|
| 952 |
|
|
|0 0
|1 0
|3 rekatalogizácia
|4 0
|7 0
|a SNK
|b SNK
|d 2007-04-13
|f 1
|i snk684/38
|l 0
|o snkČSC 344/3/1923-1924
|p 17A0546999
|r 2026-02-21 20:38:32
|t č. 1-15
|w 2026-02-21
|y PREZ
|
| 952 |
|
|
|0 0
|1 0
|4 0
|7 0
|a SNK
|b SNK
|d 2001-01-30
|f 1
|i snk683/43
|l 0
|o snkČSC 344/2/1922-1923
|p 17A0265003
|r 2005-01-02 00:00:00
|t č. 1-12
|w 2026-02-21
|y PREZ
|